| Tag |
First Indicator |
Second Indicator |
Subfields |
| LEADER |
00000cam a2200000 4500 |
| 001 |
in00000026223 |
| 005 |
20151007061212.0 |
| 008 |
730426s1925 cau 00010 eng u |
| 010 |
|
|
|a 26015256
|
| 035 |
|
|
|a (OCoLC)00611365
|
| 035 |
|
|
|9 AAD1416AM
|
| 040 |
|
|
|c KSU
|d TXA
|d UtOrBLW
|
| 049 |
|
|
|a TXAM
|c 1 [A01191720], 2 [A11188177]
|
| 050 |
|
0 |
|a PS3501.N4
|b M6
|
| 100 |
1 |
|
|a Anderson, Sherwood,
|d 1876-1941.
|
| 245 |
1 |
4 |
|a The modern writer /
|c by Sherwood Anderson.
|
| 264 |
|
1 |
|a San Francisco :
|b Lantern press,
|c 1925.
|
| 300 |
|
|
|a 1 page ., 44 pages, 1 . ;
|c 22 cm.
|
| 336 |
|
|
|a text
|b txt
|2 rdacontent
|
| 337 |
|
|
|a unmediated
|b n
|2 rdamedia
|
| 338 |
|
|
|a volume
|b nc
|2 rdacarrier
|
| 500 |
|
|
|a "One thousand copies of this book have been printed for the Lantern press, San Francisco, (Gelber, Lilienthal, inc.) by Edwin & Robert Grabhorn. Nine hundred & fifty copies are on B. R. book paper, numbered from 51 to 1000, and fifty on Japan vellum, numbered from 1 to 50. This is copy number 831."
|
| 650 |
|
0 |
|a Authorship.
|
| 999 |
|
|
|a MARS
|
| 999 |
f |
f |
|s e0d45626-19ac-326e-b5e9-b1cd249f13de
|i fcf391bc-6811-36c9-bda2-3469af49bd6b
|t 0
|
| 952 |
f |
f |
|p ric
|a Texas A&M University
|b Rellis Campus
|c Joint Library Facility
|d Remote Storage
|t 0
|e PS3501.N4 M6
|h Library of Congress classification
|i unmediated -- volume
|m A14801191720
|
| 998 |
f |
f |
|a PS3501.N4 M6
|t 0
|l Remote Storage
|